| 000 | 00459nam a2200157 a 4500 | ||
|---|---|---|---|
| 005 | 20140414093837.0 | ||
| 008 | 021220s19uu xx 00 eng d | ||
| 050 |
_aCD 793 _bDia 1977 |
||
| 245 | _aLos Latinos Latin ballroom fiesta | ||
| 260 |
_aSan Juan, M. Mla. _bTelesis Records _cc1977 |
||
| 500 | _aManufactured and distributed by Vicor Music Corporation. | ||
| 650 | _aLatin songs. | ||
| 650 | _aBallroom dancing. | ||
| 942 | _cAVM | ||
| 999 |
_c109093 _d109093 |
||